000 02150nam0a2200385 4500
001 RU\NLR\bibl\1358793
005 20250615183214.0
010 _a978-5-903025-19-0
_91000
021 _aRU
_b2009-15048
_9893
035 _a(nilc)RSL-KNO-004257534
035 _a(NLR Aleph) 001350977
090 _a920652
_c920652
100 _a20090311d2008 |||y0rusy50 ca
101 0 _arus
102 _aRU
105 _aa |||||||||
200 1 _aСовременные ультразвуковые технологии в урологической практике
_eнаучно-практическое пособие для врачей
_fИ.Ю. Насникова, Н.Ю. Маркина, М.В. Кислякова
_gпод ред. проф. И.Ю. Насниковой
_gФГУ "Центр. больница с поликлиникой" Упр. делами Президента РФ
210 _aМосква
_cРеал Тайм
_d2008
215 _a223 с.
_cил., цв. ил., портр.
_d25
300 _aНа 3-й с. авт.: Насникова И.Ю., д.м.н., проф., Маркина Н.Ю., Кислякова М.В., кандидаты мед. наук, врачи
320 _aБиблиогр. в конце гл.
606 1 _aМочеполовые органы
_jРуководства, пособия и т.п.
_xБолезни
_xУльтразвуковая диагностика
_91673373
_3RU\NLR\auth\66742330
610 0 _aЗдравоохранение. Медицинские науки -- Урология -- Болезни мочеполовых органов -- Ультразвуковая диагностика
686 _aР696-433.9я81
_2rubbk
686 _aР696-433.9я77
700 1 _aНасникова
_bИ. Ю.
_gИрина Юрьевна
_4070
701 1 _aМаркина
_bН. Ю.
_gНаталья Юрьевна
_4070
701 1 _aКислякова
_bМ. В.
_gМарина Владимировна
_4070
801 0 _aRU
_bРКП
_c20090311
_grcr
801 1 _aRU
_bРГБ
_c20090311
801 2 _aRU
_bNLR
_c20090421
_grcr
830 _aавт.покн.
942 _cBOOK
980 _aNB